000 00878nam a2200217Ia 4500
003 Ost
005 20260507075634.0
008 260507s9999||||xx |||||||||||||| ||und||
020 _a1671215977
040 _cfsecg
041 _aara
082 _a658
100 _aالسلمي، على
_eمؤلف
245 0 _aإدارة التميز :
_bنماذج وتقنيات الإدارة في عصر المعرفة /
_c على السلمي
260 _aالقاهرة:
_bدارغريب للطباعة والنشر,
_c2002
300 _a379 صفحة؛
_bإيضاحات ؛
_c23 سم
520 _aمفاهيم ونماذج إدارة الجودة- إدارة المعرفة- قادة التميز- أنماط التميز- الفعالية والتميز من منظور اسلامي
653 _aالإدارة
653 _aالإدارة المعاصرة
942 _cكتاب
999 _c45268
_d45268